| 000 | 00413nam a2200169Ia 4500 | ||
|---|---|---|---|
| 008 | 230524s9999 xx 000 0 und d | ||
| 082 |
_a540 _bMOH |
||
| 100 | _aB.K.Mohapatra | ||
| 245 | 0 | _aText Book of Engineering Chemistry-II | |
| 250 | _a1ST | ||
| 260 |
_aCUTTACK _bKitab Mahal _c2005 |
||
| 300 | _a212 | ||
| 500 | _aQuantity Number: 5 | ||
| 650 | _aChemistry | ||
| 700 | _a Rashmi Acharya | ||
| 942 | _cBK | ||
| 999 |
_c24829 _d24829 |
||